Т. 2 : Записки о Шерлоке Холмсе. Возвращение Шерлока Холмса; Собрание сочинений

Detaylı Bibliyografya
Parent link:Собрание сочинений: в 8 т: пер. с англ./ А. К. Дойл. Т. 2 : Записки о Шерлоке Холмсе. Возвращение Шерлока Холмса.— , 1992-.— 5-7707-1310-0
Dil:Rusça
Baskı/Yayın Bilgisi: 1992
Konular:
Materyal Türü: MixedMaterials Kitap
KOHA link:https://koha.lib.tpu.ru/cgi-bin/koha/opac-detail.pl?biblionumber=160114

MARC

LEADER 00000nam2a2200000 4500
001 160114
005 20231031155458.0
010 |a 5770713161 
035 |a (RuTPU)RU\TPU\book\173644 
035 |a RU\TPU\book\101699 
090 |a 160114 
100 |a 20090519d1992 m y0rusy50 ca 
101 1 |a rus  |c eng 
102 |a RU 
105 |a y z 000ay 
200 0 |a Т. 2 : Записки о Шерлоке Холмсе. Возвращение Шерлока Холмса 
210 |d 1992 
215 |a 496 с. 
461 1 |0 (RuTPU)RU\TPU\book\101696  |y 5-7707-1310-0  |t Собрание сочинений   |o в 8 т: пер. с англ.  |f А. К. Дойл  |v Т. 2 : Записки о Шерлоке Холмсе. Возвращение Шерлока Холмса  |d 1992- 
610 1 |a английская литература 
610 1 |a романы 
610 1 |a приключения 
675 |a 82  |v 3 
801 1 |a RU  |b 63413507  |c 20060418  |g PSBO 
801 2 |a RU  |b 63413507  |c 20180302  |g PSBO 
942 |c BK